00270pab a2200121 454500008004000000100001900040245002900059260000900088300001200097362001000109650001400119773001500133180718b2000 xxu||||| |||| 00| 0 eng d aBhatia, Anjali aFor democratic education c2000 ap.11-12 a6 May aEducation aMainstream